[Event "IBM"]
[Site "Amsterdam"]
[Date "1977.??.??"]
[Round "9"]
[White "Miles, Anthony J"]
[Black "Kavalek, Lubomir"]
[Result "1-0"]
[WhiteElo "2555"]
[BlackElo "2545"]

1.Nf3 g6 2.e4 Bg7 3.d4 d6 4.Nc3 Nf6 5.Be2 O-O 6.O-O a6 7.Re1 Nc6 8.d5 Ne5
9.Nxe5 dxe5 10.Be3 Qd6 11.Qd3 Rd8 12.Na4 e6 13.Bc5 Qd7 14.dxe6 fxe6 15.Rad1 Qxd3
16.Bxd3 Bd7 17.Nc3 Bc6 18.f3 Nd7 19.Be3 b5 20.Be2 Bf8 21.Nb1 Nc5 22.Rxd8 Rxd8
23.Rd1 Rb8 24.Kf2 a5 25.Nd2 a4 26.c3 Rd8 27.a3 Nd3+ 28.Bxd3 Rxd3 29.Ke2 Rd8
30.Nf1 Rb8 31.Bg5 Bd6 32.Ne3 h5 33.Nc2 Kf7 34.Nb4 Be8 35.Be3 Rc8 36.Na6 Be7
37.Bc5 b4 38.Bxe7 bxc3 39.Bb4 Bb5+ 40.Ke3 c2 41.Rc1 Bxa6 42.Rxc2 Bb5 43.Bd6 c6
44.Bxe5 g5 45.Rd2 Ke7 46.Bd6+ Ke8 47.Kd4 Kf7 48.Ke5 c5 49.Rc2 Bf1 50.g3 c4
51.Rf2 Bd3 52.f4 g4 53.f5 exf5 54.Rxf5+ Kg6 55.Kf4 Re8 56.Be5 Re7 57.Rf6+ Kh7
58.Kf5 Kg8 59.Rg6+ Kh7 60.Rb6 Rf7+ 61.Kg5 Re7 62.Bf6 Re8 63.Rb7+ Kg8 64.e5 Be4
65.Rg7+ Kf8 66.Kxh5 Bd5 67.Kg6 Rb8 68.e6 Bxe6 69.Be7+ Ke8 70.Bd6 Rxb2 71.Re7+ Kd8
72.Rxe6 Kd7 73.Be5 Rxh2 74.Rd6+  1-0

[Event "IBM"]
[Site "Amsterdam"]
[Date "1977.??.??"]
[Round "11"]
[White "Miles, Anthony J"]
[Black "Panno, Oscar"]
[Result "1-0"]
[WhiteElo "2555"]
[BlackElo "2550"]

1.Nf3 g6 2.e4 Bg7 3.d4 d6 4.Nc3 Nf6 5.Be2 O-O 6.O-O c6 7.a4 a5 8.Re1 Na6
9.Bf1 Nb4 10.Nb1 Bg4 11.Nbd2 e5 12.c3 Na6 13.dxe5 dxe5 14.h3 Bxf3 15.Qxf3 Nc5
16.Bc4 Qe7 17.Nb3 Nfd7 18.Be3 Kh8 19.Red1 f5 20.Nxc5 Nxc5 21.exf5 gxf5 22.Qh5 Nd7
23.Bg5 Nf6 24.Qf3 Qc5 25.Be6 Rae8 26.Be3 Qe7 27.Bxf5 e4 28.Qe2 Qe5 29.Bg4 Nd5
30.Bd4 Qg5 31.Qd2 e3 32.fxe3 Nxe3 33.Rf1 Rxf1+ 34.Rxf1 h6 35.Re1 Bxd4 36.Qxd4+ Kg8
37.Bf3 Re7 38.h4 Qg7 39.Qxg7+ Kxg7 40.Kf2 Nf5 41.Rxe7+ Nxe7 42.Be4 Kf6 43.Kf3 Ke5
44.g4 Nc8 45.g5 hxg5 46.hxg5 Nd6 47.Bd3 Ne8 48.Kg4 Ng7 49.Bc2 b5 50.b4  1-0

[Event "IBM"]
[Site "Amsterdam"]
[Date "1977.??.??"]
[Round "13"]
[White "Miles, Anthony J"]
[Black "Sosonko, Gennadi"]
[Result "1/2-1/2"]
[WhiteElo "2555"]
[BlackElo "2530"]

1.c4 Nf6 2.Nc3 e6 3.e4 d5 4.e5 d4 5.exf6 dxc3 6.bxc3 Qxf6 7.d4 b6 8.Nf3 Bb7
9.Bd3 Bd6 10.Bg5 Bxf3 11.Qd2 Bf4 12.Bxf4 Bxg2 13.Rg1 Bb7 14.Be5 Qf3 15.Bxg7 Rg8
16.Bxh7 Rxg7 17.Rxg7 Qh1+ 18.Ke2 Qf3+ 19.Kf1 Nd7 20.Qe3 Qh1+ 21.Rg1 Qxh2
22.Be4 Bxe4 23.Qxe4 Qh3+ 24.Ke2 O-O-O 25.Rg3 Qh5+ 26.Qf3 Qh7 27.Qd3 Qh5+
28.Qf3 Qh7 29.Rc1 Kb8 30.a4 e5 31.a5 e4 32.Qh1 Qf5 33.Qh4 Nf6 34.axb6 axb6
35.Ra1 Qe6 36.Ra4 Re8 37.Qg5 e3 38.Rxe3 Ne4 39.Qf4 f5 40.Ke1 Qg6 41.Rb4 Qg1+
42.Ke2 Kb7 43.c5 Nxc3+ 44.Kd3 Nd5 45.Qf3 Re4 46.c6+ Kxc6 47.Rc4+ Kb5 48.Rxe4 fxe4+
49.Kxe4 Qg6+ 50.Kxd5 Qd6+ 51.Ke4 Qe6+ 52.Kd3 Qxc4+ 53.Ke3 Kb4 54.Qf8+ Kc3
55.Qa3+ Kc2 56.f4 Qe6+ 57.Kf2 Qd5 58.Ke3  1/2-1/2

[Event "IBM"]
[Site "Amsterdam"]
[Date "1977.??.??"]
[Round "14"]
[White "Miles, Anthony J"]
[Black "Tatai, Stefano"]
[Result "1-0"]
[WhiteElo "2555"]
[BlackElo "2480"]

1.Nf3 Nf6 2.c4 c5 3.g3 d5 4.cxd5 Nxd5 5.Bg2 Nc6 6.d4 e6 7.O-O Be7 8.dxc5 Bxc5
9.a3 a5 10.Qc2 Be7 11.e4 Nf6 12.Rd1 Nd7 13.Nc3 O-O 14.Be3 Qc7 15.Nd5 exd5
16.exd5 Ndb8 17.Nd4 Bd7 18.Rac1 Qe5 19.dxc6 Nxc6 20.Nxc6 Bxc6 21.Bxc6 bxc6
22.Bd4 Qb5 23.Re1 Rfe8 24.Qxc6 Qxc6 25.Rxc6 a4 26.Rc4 Kf8 27.Bc3 Bf6 28.Rxe8+ Kxe8
29.Bxf6 gxf6 30.Rh4 Rb8 31.Rxh7 Rxb2 32.Rh4 Kf8 33.Rxa4 Ra2 34.Kg2  1-0

[Event "IBM"]
[Site "Amsterdam"]
[Date "1977.??.??"]
[Round "15"]
[White "Quinteros, Miguel A"]
[Black "Miles, Anthony J"]
[Result "0-1"]
[WhiteElo "2555"]
[BlackElo "2555"]

1.d4 d5 2.c4 dxc4 3.Nf3 Nf6 4.e3 Bg4 5.Bxc4 e6 6.Qb3 Bxf3 7.gxf3 Nbd7 8.Qxb7 c5
9.dxc5 Bxc5 10.Nc3 O-O 11.f4 Nb6 12.Be2 Nfd5 13.O-O Qh4 14.Bf3 Rab8 15.Qa6 Nxc3
16.bxc3 f5 17.Bg2 Rf6 18.h3 Rg6 19.Kh1 Rf8 20.Qe2 Rff6 21.Bd2 Rg4 22.Rg1 Rfg6
23.Qf3 Nc4 24.Be1 h6 25.Rb1 Bd6 26.Rb7 Kh7 27.Rf7 Qh5 28.Rd7 Rxg2 29.Qxg2 Rxg2
30.Rxg2 Bf8 31.Rxa7 Qe2 32.Rg1 Nxe3 33.fxe3 Qxe3  0-1

[Event "Bad Lauterberg"]
[Site "Bad Lauterberg"]
[Date "1977.??.??"]
[Round "1"]
[White "Andersson, Ulf"]
[Black "Miles, Anthony J"]
[Result "1/2-1/2"]
[WhiteElo "2565"]
[BlackElo "2555"]

1.g3 Nf6 2.Bg2 e5 3.d3 d5 4.Nf3 Bd6 5.c4 dxc4 6.Qa4+ Nc6 7.Qxc4 Nd7 8.O-O Nb6
9.Qc2 O-O 10.a3 Bg4 11.Nbd2 Qd7 12.Re1 Rfe8 13.b3 Rab8 14.Bb2 Nd4 15.Nxd4 exd4
16.Bxd4 Bxe2 17.Ne4 Bg4 18.Bxb6 axb6 19.Nxd6 cxd6 20.Qc4 Rxe1+ 21.Rxe1 Be6
22.Bd5 Bxd5 23.Qxd5 Rc8 24.Qd4 Qc7 25.h4 h6 26.b4 Qc6 27.Re4 h5 28.Kh2 Ra8
29.g4 d5 30.Rf4 hxg4 31.Rxg4 f6 32.Rg3 Qd6 33.Qg4 Qe7  1/2-1/2

[Event "Bad Lauterberg"]
[Site "Bad Lauterberg"]
[Date "1977.??.??"]
[Round "5"]
[White "Miles, Anthony J"]
[Black "Gligoric, Svetozar"]
[Result "1-0"]
[WhiteElo "2555"]
[BlackElo "2565"]

1.e4 e5 2.Nf3 Nc6 3.c3 Nf6 4.d4 Nxe4 5.d5 Nb8 6.Nxe5 Qe7 7.Qd4 d6 8.Qxe4 Qxe5
9.Bd3 Qxe4+ 10.Bxe4 Nd7 11.Be3 Nf6 12.Bf3 Bg4 13.Bxg4 Nxg4 14.Bd4 Kd7 15.c4 Re8+
16.Kd2 Re4 17.Kd3 Rf4 18.f3 Ne5+ 19.Kc3 c6 20.dxc6+ Nxc6 21.Be3 Rf5 22.Nd2 d5
23.Rad1 dxc4 24.Nxc4+ Kc7 25.Bf2 Bb4+ 26.Kb3 Re8 27.Ne3 Rg5 28.Nd5+ Kc8 29.Nxb4 Rxg2
30.Rd2 Nd4+ 31.Ka4 Nxf3 32.Rc1+ Kb8 33.Bxa7+ Kxa7 34.Rxg2 g6 35.Rf1 Ne5 36.Re1 Re6
37.Kb3  1-0

[Event "Bad Lauterberg"]
[Site "Bad Lauterberg"]
[Date "1977.??.??"]
[Round "7"]
[White "Miles, Anthony J"]
[Black "Torre, Eugenio"]
[Result "1-0"]
[WhiteElo "2555"]
[BlackElo "2550"]

1.Nf3 Nf6 2.c4 g6 3.Nc3 Bg7 4.e4 d6 5.d4 O-O 6.Be2 e5 7.Be3 Qe7 8.dxe5 dxe5
9.Nd5 Nxd5 10.cxd5 c6 11.d6 Qd8 12.O-O Re8 13.Qd2 f6 14.Rfd1 Be6 15.Qc3 Qd7
16.b4 Bf8 17.Rd2 Rd8 18.Qa3 Qf7 19.Rad1 Bc4 20.Qa5 Rd7 21.Bxc4 Qxc4 22.Qc5 Qe6
23.b5 b6 24.Qa3 c5 25.Rd5 Rxd6 26.Rxd6 Bxd6 27.Rd5 Be7 28.Nd2 Nd7 29.Qa6 Nf8
30.Qb7 Rd8 31.Qxa7 Rd7 32.Qa8 f5 33.f3 c4 34.Qc6 Qxc6 35.bxc6 Rc7 36.Nxc4 f4
37.Bd2 Rxc6 38.Nxe5 Rc2 39.a4 Ne6 40.Kf1 Ra2 41.a5 b5 42.Be1 Ra1 43.Rxb5 Bh4
44.Nd3 Nd4 45.Rc5 Bxe1 46.Nxe1 Nb3 47.Rc8+ Kg7 48.Rc7+ Kf6 49.Rxh7 Nc5 50.Ke2 Ra2+
51.Kd1 Rxa5 52.Nc2 Rb5 53.Rc7 Rb1+ 54.Ke2 Ne6 55.Rc6 Ke5 56.Ra6 Rb2 57.Ra5+ Kf6
58.Kd3 Rb3+ 59.Kc4 Rb1 60.Ra1 Rb8 61.Ra6 Ke5 62.Nb4 Rc8+ 63.Rc6 Rxc6+ 64.Nxc6+ Kd6
65.Nd4 Nf8 66.Ne2 Ke5 67.Nc1 g5 68.Nd3+ Kd6 69.h4  1-0

[Event "Bad Lauterberg"]
[Site "Bad Lauterberg"]
[Date "1977.??.??"]
[Round "9"]
[White "Miles, Anthony J"]
[Black "Furman, Semen Abramovich"]
[Result "0-1"]
[WhiteElo "2555"]
[BlackElo "2535"]

1.c4 Nf6 2.Nc3 c5 3.Nf3 e6 4.d4 cxd4 5.Nxd4 Bb4 6.Nb5 d5 7.cxd5 exd5 8.Bg5 O-O
9.a3 Bxc3+ 10.Nxc3 Nc6 11.e3 Be6 12.Bd3 h6 13.Bxf6 Qxf6 14.O-O Rad8 15.Na4 Ne5
16.Rc1 b6 17.Kh1 Qh4 18.g3 Qf6 19.f3 Bh3 20.Be2 Bxf1 21.Qxf1 Qe6 22.Nc3 Nc4
23.e4 Nd2 24.exd5 Rxd5 25.Qf2 Rdd8 26.Bb5 Qb3 27.a4 Qxb2 28.Ne2 Nb3 29.Rc4 Nc5
30.Qe3 a6 31.Bc6 Rd2  0-1

[Event "Bad Lauterberg"]
[Site "Bad Lauterberg"]
[Date "1977.??.??"]
[Round "11"]
[White "Miles, Anthony J"]
[Black "Wockenfuss, Klaus"]
[Result "1-0"]
[WhiteElo "2555"]
[BlackElo "2350"]

1.c4 f5 2.Nc3 Nf6 3.d4 g6 4.Bg5 Bg7 5.Qd2 h6 6.Bxf6 exf6 7.e3 Nc6 8.d5 Ne5
9.f4 Nf7 10.Bd3 h5 11.Nf3 d6 12.Nh4 Rh6 13.O-O-O Bd7 14.Rhe1 Kf8 15.Nf3 c5
16.dxc6 bxc6 17.Bc2 Rb8 18.Bb3 a5 19.Kb1 Rh8 20.Nh4 Rh6 21.c5 d5 22.Na4 Kg8
23.Nb6 Bf8 24.Nxd5 Be6 25.Nb6 Bxb3 26.axb3 Bxc5 27.Qxd8+ Rxd8 28.Rxd8+ Nxd8
29.Nc4 Kf7 30.Rd1 Rh8 31.Rd7+ Ke6 32.Rg7 g5 33.fxg5 fxg5 34.Rg6+ Kd5 35.Rxg5 Bd6  1-0

[Event "BBC TV Master Game"]
[Site "?"]
[Date "1977.??.??"]
[Round "?"]
[White "Larsen, Bent"]
[Black "Miles, Anthony J"]
[Result "0-1"]
[WhiteElo "2615"]
[BlackElo "2555"]

1.g3 g6 2.Bg2 Bg7 3.c4 c5 4.Nc3 Nc6 5.d3 Nf6 6.Nf3 d5 7.cxd5 Nxd5 8.Nxd5 Qxd5
9.O-O O-O 10.Be3 Bd7 11.Qd2 Qd6 12.Bh6 Rac8 13.a3 b6 14.Bxg7 Kxg7 15.b4 Nd4
16.Rfc1 c4 17.Nxd4 Qxd4 18.Qc3 Qxc3 19.Rxc3 cxd3 20.Rxd3 Ba4 21.Be4 f5 22.Bb7 Rc7
23.Ba6 Rf6 24.b5 Rd6 25.Rxd6 exd6 26.Ra2 Kf6 27.Rd2 Ke6 28.Rd4 Bb3 29.g4 Ke5
30.e3 Bd5 31.h3 Rc1+ 32.Kh2 Be4 33.gxf5 Rh1+ 34.Kg3 Rg1+ 35.Kh2 Rg2+ 36.Kh1 Rxf2+
37.Kg1 Rxf5 38.Bc8 Rf3 39.Ra4 Rf7 40.Bg4 Bd3 41.Rb4 h5 42.Bc8 Rf1+ 43.Kg2 Rb1
44.Ra4 Rb2+ 45.Kg3 Be4 46.h4 Rg2+ 47.Kh3 Rc2 48.Bd7 Re2 49.Rxa7 Rxe3+ 50.Kh2 Kf4
51.Bc6 Re2+ 52.Kg1 Kg3 53.Rf7 d5  0-1

[Event "BBC TV Master Game"]
[Site "?"]
[Date "1977.??.??"]
[Round "?"]
[White "Miles, Anthony J"]
[Black "Karpov, Anatoly"]
[Result "1/2-1/2"]
[WhiteElo "2555"]
[BlackElo "2690"]

1.c4 Nf6 2.Nc3 e6 3.e4 c5 4.e5 Ng8 5.Nf3 Nc6 6.d4 cxd4 7.Nxd4 Nxe5 8.Ndb5 f6
9.Be3 a6 10.Nd6+ Bxd6 11.Qxd6 Ne7 12.Bb6 Nf5 13.Bxd8 Nxd6 14.Bc7 Ke7 15.c5 Ne8
16.Bb6 d5 17.cxd6+ Nxd6 18.O-O-O Bd7 19.Bc5 Nf7 20.Ne4 Rac8 21.Kb1 Rc6 22.Be2 e5
23.Ba3 Bf5 24.Bd3 Rd8 25.Nxd6 Bxd3+ 26.Rxd3 Nxd6 27.Rhd1 Ke6 28.f3 g5 29.g4 Rd7
30.Rd5 b6 31.Bb4 a5 32.Ba3 Rd8 33.R1d3 Rd7 34.b3 Rd8 35.Ka1 Rd7 36.Rd1 Rd8
37.R1d3 Rd7 38.Kb1 Rd8 39.b4 axb4 40.Bxb4 Rd7 41.a3 Rd8 42.Ka2 Rd7 43.Kb3 Rd8
44.Rd1 Rd7  1/2-1/2

[Event "BBC TV Master Game"]
[Site "?"]
[Date "1977.??.??"]
[Round "?"]
[White "Miles, Anthony J"]
[Black "Schmid, Lothar"]
[Result "1-0"]
[WhiteElo "2555"]
[BlackElo "2520"]

1.c4 Nf6 2.Nc3 d6 3.Nf3 e5 4.d4 Nbd7 5.e4 Be7 6.Be2 c6 7.O-O O-O 8.Re1 Re8
9.Bf1 Bf8 10.h3 a6 11.d5 a5 12.Be3 Nc5 13.dxc6 Nfxe4 14.Nxe4 Nxe4 15.Qd5 Nc5
16.Bxc5 bxc6 17.Qxc6 Ra6 18.Qb5 dxc5 19.Rad1 Rd6 20.Rxd6 Bxd6 21.Rd1 Re7
22.Qxc5 Rd7 23.Qb5 Qc7 24.Rd5 Bb7 25.Rxd6 Qxd6 26.c5 Qc7 27.Nxe5 Re7 28.c6 Rxe5
29.Qxb7 Qxb7 30.cxb7 Re8 31.Bd3 Rb8 32.Be4 Kf8 33.a4 f5 34.Bd5 Ke7 35.b4 axb4
36.a5 Rxb7 37.Bxb7 b3 38.Ba6  1-0

[Event "Biel"]
[Site "Biel"]
[Date "1977.??.??"]
[Round "2"]
[White "Miles, Anthony J"]
[Black "Hernandez, Roman"]
[Result "1-0"]
[WhiteElo "2555"]
[BlackElo "2435"]

1.d4 Nf6 2.c4 e6 3.Nf3 c5 4.d5 exd5 5.cxd5 d6 6.Nc3 g6 7.e4 Bg7 8.Bg5 h6
9.Bh4 g5 10.Bg3 Nh5 11.Bb5+ Kf8 12.e5 Nxg3 13.fxg3 dxe5 14.O-O a6 15.Bd3 b5
16.Nd2 c4 17.Qh5 f6 18.Bc2 Bd7 19.a4 Be8 20.Bg6 Nd7 21.axb5 Bxg6 22.Qxg6 axb5
23.Rxa8 Qxa8 24.Nde4 Qe8 25.Qf5 Qd8 26.Kh1 Kg8 27.Nxb5 Nf8 28.Nbd6 h5 29.Nxc4 h4
30.g4 h3 31.Ne3 hxg2+ 32.Kxg2 Qb6 33.Nxf6+ Bxf6 34.Qxf6 Qxf6 35.Rxf6 Rh7
36.Rf5 Rb7 37.Rxg5+ Kf7 38.Nc4 Rb4 39.Nxe5+ Ke8 40.Rg8 Rxb2+ 41.Kg3 Rd2 42.Ng6 Kf7
43.Rxf8+ Kxg6 44.Rf5 Rd3+ 45.Kf4 Rd4+ 46.Kf3 Rd3+ 47.Ke4 Rh3 48.d6  1-0

[Event "Biel"]
[Site "Biel"]
[Date "1977.??.??"]
[Round "3"]
[White "Kavalek, Lubomir"]
[Black "Miles, Anthony J"]
[Result "1/2-1/2"]
[WhiteElo "2545"]
[BlackElo "2555"]

1.e4 c5 2.Nf3 d6 3.d4 cxd4 4.Nxd4 Nf6 5.Nc3 g6 6.Be2 Bg7 7.O-O O-O 8.Nb3 a6
9.a4 b6 10.Bf3 Ra7 11.Be3 Rd7 12.Nd2 Bb7 13.Nc4 Nxe4 14.Bxe4 d5 15.Nxb6 dxe4
16.Nxd7 Nxd7 17.Qd2 Qc7 18.Nd5 Qd6 19.Rfd1 Ne5 20.Qb4 Qxb4 21.Nxb4 Nc4 22.Rd7 Bc8
23.Rc7 Nxe3 24.fxe3 Bxb2 25.Rb1 Be5 26.Rxe7 Bd6 27.Rxe4 Bf5 28.Rd4 Bc5 29.Rc4 Bxe3+
30.Kh1 Rb8 31.Re1 Be6 32.Re4 Bf2 33.Rf1 Rd8 34.Nxa6 Rd2 35.Nb4 Bb6 36.h3 Bd7
37.c4 Bxa4 38.Re7 Bc5 39.Rfxf7 Bxb4 40.Rg7+ Kf8 41.Rgf7+ Kg8  1/2-1/2

[Event "Biel"]
[Site "Biel"]
[Date "1977.??.??"]
[Round "5"]
[White "Kagan, Shimon"]
[Black "Miles, Anthony J"]
[Result "1/2-1/2"]
[WhiteElo "2440"]
[BlackElo "2555"]

1.e4 c5 2.Nf3 e6 3.d4 cxd4 4.Nxd4 a6 5.Nc3 Qc7 6.g3 Bb4 7.Ne2 Be7 8.Bg2 Nf6
9.O-O Nc6 10.b3 O-O 11.Bb2 Rb8 12.Nf4 b5 13.Re1 d6 14.Rc1 Bb7 15.a4 b4 16.Nb1 Rfd8
17.Nd2 Rbc8 18.c4 Ne5 19.Qe2 Qb8 20.Nd3 Nfd7 21.Nxb4 Ba8 22.Nd3 Nc5 23.Nxc5 dxc5
24.Bxe5 Qxe5 25.Nf3 Qb8 26.Qe3 Rd7 27.Rcd1 Rcd8 28.Rxd7 Rxd7 29.h4 Bc6 30.Kh2 h6
31.Re2 Rd1 32.Nd2 Qe5 33.Re1 Rxe1 34.Qxe1 Bd8 35.Qe3 Ba5 36.Nf3 Qd6 37.e5 Qc7
38.Ng1 Bxg2 39.Kxg2 Bb4 40.Ne2 Qd7 41.Nf4 Ba3 42.Qf3 Qc8 43.Qe4 Qb8 44.Qc6 a5
45.h5 Qd8 46.Qd6 Qxd6 47.exd6 Kf8 48.Nd3 Ke8 49.Kf3 f6 50.Ke3 Kd7 51.g4 Kxd6
52.Kd2 Ke7 53.f3 Kf7 54.Kc2 g5 55.hxg6+ Kxg6 56.Kb1 f5 57.Ka2 Bb4 58.Kb2 Kf6
59.Nxb4 cxb4 60.Kc2  1/2-1/2

[Event "Biel"]
[Site "Biel"]
[Date "1977.??.??"]
[Round "6"]
[White "Miles, Anthony J"]
[Black "Lombard, Andre"]
[Result "1-0"]
[WhiteElo "2555"]
[BlackElo "2410"]

1.c4 e6 2.Nc3 d5 3.d4 Nf6 4.Nf3 c6 5.Qd3 c5 6.cxd5 Nxd5 7.Nxd5 exd5 8.g3 c4
9.Qc2 Nc6 10.Bg2 g6 11.O-O Bf5 12.Qa4 Qd7 13.Bf4 a6 14.Rfe1 b5 15.Qd1 Bg7
16.Ne5 Nxe5 17.dxe5 Rd8 18.Qd4 Qe7 19.Bxd5 g5 20.e4 Bh3 21.Be3 Bxe5 22.Qd2 h6
23.Rad1 Rc8 24.Bd4 Bg4 25.f3 Bxf3 26.Bxe5 Qxe5 27.Bxf7+ Kxf7 28.Qd7+ Qe7
29.Qf5+  1-0

[Event "Biel"]
[Site "Biel"]
[Date "1977.??.??"]
[Round "10"]
[White "Wirthensohn, Heinz"]
[Black "Miles, Anthony J"]
[Result "0-1"]
[WhiteElo "2390"]
[BlackElo "2555"]

1.d4 d5 2.c4 dxc4 3.e3 e5 4.Bxc4 exd4 5.exd4 Nf6 6.Qb3 Qe7+ 7.Ne2 Qb4+ 8.Nbc3 Qxb3
9.Bxb3 Bd6 10.O-O a6 11.Ng3 Nc6 12.Re1+ Kf8 13.Nge4 Nxe4 14.Nxe4 Bb4 15.Rd1 Bf5
16.Ng5 Na5 17.Bxf7 h6 18.Be6 Bc2 19.Bd2 Nc6 20.Bxb4+ Nxb4 21.Rd2 hxg5 22.a3 Nc6
23.d5 Bb3 24.Rd3 Na5 25.Re1 Rh4 26.Rf3+ Rf4 27.Rh3 Ke8 28.Rh8+ Rf8 29.Rh7 Ke7
30.Rxg7+ Kf6 31.Rxc7 Rad8 32.Rc5 b6 33.Rc3 Bxd5 34.Bxd5 Rxd5 35.g3 b5 36.b4 Nc4
37.a4 Rfd8 38.axb5 Rd1 39.Rf3+ Kg6 40.Rxd1 Rxd1+ 41.Kg2 axb5 42.Rb3 Kf5 43.Rf3+ Ke4
44.h4 gxh4 45.Rf4+ Kd5 46.gxh4 Nd6 47.h5 Ke5 48.Rg4 Nf5 49.Rg8 Rd4 50.Rb8 Rxb4
51.Rb6 Nd6 52.Kg3 Rb1 53.f4+ Kd5 54.Kh4 Rg1 55.h6 Kc5 56.Rb8 Rh1+ 57.Kg5 Nf7+
58.Kg6 Nxh6 59.Rc8+ Kd5 60.Rd8+ Kc4 61.Rc8+ Kb3 62.Rh8 Rf1 63.Rxh6 Rxf4 64.Kg5 Rf8  0-1

[Event "Biel"]
[Site "Biel"]
[Date "1977.??.??"]
[Round "13"]
[White "Miles, Anthony J"]
[Black "Robatsch, Karl"]
[Result "1-0"]
[WhiteElo "2555"]
[BlackElo "2435"]

1.d4 Nf6 2.c4 e6 3.Nf3 c5 4.d5 exd5 5.cxd5 d6 6.Nc3 g6 7.e4 Bg7 8.Bg5 h6
9.Bh4 O-O 10.Nd2 b6 11.Be2 Ba6 12.O-O Bxe2 13.Qxe2 a6 14.a4 Re8 15.f4 Qc7
16.Rae1 Nbd7 17.Kh1 Nh7 18.Bg3 Re7 19.Qd3 Nhf6 20.e5 Nh5 21.e6 Nxg3+ 22.Qxg3 Nf8
23.f5 gxf5 24.Rxf5 Kh7 25.Ref1 fxe6 26.dxe6 Qd8 27.Nd5 Rxe6 28.Rxf8 Bxf8
29.Ne4 Rxe4 30.Nf6+ Qxf6 31.Rxf6 Rae8 32.h4 Kh8 33.Rg6 R4e6 34.Qc3+ Kh7 35.Rxe6 Rxe6
36.Qd3+ Kh8 37.Qxa6 Re1+ 38.Kh2 Bg7 39.Qxb6 Be5+ 40.Kh3 h5 41.Qd8+ Kg7 42.Qg5+ Kf8
43.Qxh5 Re3+ 44.Kg4 Rg3+ 45.Kf5 Rxg2 46.Ke6 Kg7 47.Qf7+ Kh6 48.a5  1-0

[Event "Biel"]
[Site "Biel"]
[Date "1977.??.??"]
[Round "15"]
[White "Miles, Anthony J"]
[Black "Panno, Oscar"]
[Result "0-1"]
[WhiteElo "2555"]
[BlackElo "2550"]

1.d4 Nf6 2.c4 e6 3.Nf3 b6 4.g3 Ba6 5.b3 Bb4+ 6.Bd2 Be7 7.Bg2 Bb7 8.Nc3 d5
9.cxd5 exd5 10.O-O O-O 11.Bf4 Na6 12.Ne5 c5 13.dxc5 bxc5 14.Qd2 Rb8 15.e3 h6
16.h4 Re8 17.Rfd1 Bd6 18.Nf3 Bxf4 19.gxf4 Qe7 20.Ne5 Rbd8 21.Qe2 Nb8 22.Rac1 Nbd7
23.Nxd7 Rxd7 24.Rd2 Rd6 25.Na4 d4 26.Bxb7 Qxb7 27.Nxc5 Qe7 28.Qd1 Ng4 29.Qxg4 Rg6
30.Qxg6 fxg6 31.Rxd4 Qxh4 32.Ne4 g5 33.Ng3 Rxe3 34.Rcd1 gxf4 35.fxe3 Qxg3+
36.Kf1 Qf3+ 37.Kg1 fxe3 38.Rd8+  0-1

[Event "Las Palmas"]
[Site "Las Palmas"]
[Date "1977.??.??"]
[Round "3"]
[White "Miles, Anthony J"]
[Black "Browne, Walter S"]
[Result "0-1"]
[WhiteElo "2555"]
[BlackElo "2545"]

1.c4 e5 2.Nc3 Nc6 3.g3 g6 4.Bg2 Bg7 5.Rb1 f5 6.d3 Nf6 7.e3 O-O 8.Nge2 d6
9.b4 a6 10.O-O Ne7 11.a4 Kh8 12.b5 axb5 13.axb5 g5 14.f4 h6 15.Qd2 Ng6 16.Bb2 Kh7
17.Ra1 Rxa1 18.Bxa1 gxf4 19.exf4 h5 20.Nd5 Nxd5 21.Bxd5 Bh6 22.Kg2 h4 23.Qd1 Qe8
24.fxe5 dxe5 25.Ng1 c6 26.bxc6 bxc6 27.Bf3 hxg3 28.hxg3 f4 29.Be4 Bf5 30.Qe2 Qe6
31.Bxf5 Qxf5 32.Qe4 Qg4 33.Rf3 Rf5 34.Kf1 Rg5 35.d4 fxg3 36.Qxg4 Rxg4 37.dxe5 Nh4
38.Rf7+ Kg8 39.e6 Rxc4 40.Ne2 g2+ 41.Kg1 Re4  0-1

[Event "Las Palmas"]
[Site "Las Palmas"]
[Date "1977.??.??"]
[Round "15"]
[White "Visier Segovia, Fernando"]
[Black "Miles, Anthony J"]
[Result "1/2-1/2"]
[WhiteElo "2355"]
[BlackElo "2555"]

1.Nf3 b6 2.g3 Bb7 3.Bg2 Nf6 4.O-O e6 5.c4 d5 6.cxd5 Nxd5 7.Nc3 Be7 8.b3 O-O
9.Nxd5 Bxd5 10.Bb2 Nd7 11.d4 Qc8 12.Ne1 Bxg2 13.Nxg2 Qb7 14.Nf4 Rfd8 15.Nd3 c5
16.Qc1 Rac8 17.Qe3 c4 18.bxc4 Rxc4 19.Rfc1 b5 20.d5 Qxd5 21.Qxa7 Bg5 22.Rxc4 bxc4
23.Nb4 Qb5 24.Bc3 Qc5 25.Qxc5 Nxc5 26.a4 Ra8 27.a5 Nb3 28.Ra4 Rxa5 29.Rxa5 Nxa5
30.Nc2 Nb3 31.Na3 Bd2 32.Bxd2 Nxd2 33.f3 c3 34.Kf2 Nc4 35.Nc2 Kf8 36.e4 Ke7
37.Ke2 Kd6 38.Kd3 Ne5+ 39.Kxc3 Nxf3 40.h4 g5 41.Kd3 gxh4 42.Ke3 Ne5 43.gxh4 h5
44.Nd4 Ng4+ 45.Kf3 Ne5+ 46.Ke3 Ng6 47.Ne2 e5 48.Ng3 Nf4 49.Nf5+ Ke6 50.Ng7+ Kf6
51.Nf5 Ne6 52.Ng3 Ng7 53.Kd3 Ke6 54.Kc4 Kd6 55.Kb4 f6 56.Kb5 Ke7 57.Kc4 Kf7
58.Kd3 Kg6 59.Kc4 Ne6 60.Nf5 Nf4 61.Ne7+ Kf7 62.Nf5 Ng2 63.Kd3 Kg6 64.Ne7+ Kg7
65.Nf5+ Kf7 66.Nh6+ Kg6 67.Nf5 Ne1+ 68.Ke2 Nc2 69.Kd3 Nb4+ 70.Kc4 Na6 71.Kd3 Nc5+
72.Ke3 Ne6 73.Ne7+ Kf7 74.Nf5 Nf4 75.Nd6+ Ke6 76.Nf5 Kd7 77.Kf3 Kc6 78.Ng7 Kd6
79.Ne8+ Ke7 80.Ng7 Kf7 81.Nf5 Ne6 82.Ke3 Ng7 83.Ng3 Ke6 84.Kd3 Kd6 85.Kc4 Ke7
86.Kd3 Ke6 87.Kc4 Kf7 88.Kd3 Kg6 89.Kc4 Ne6 90.Nf5  1/2-1/2

[Event "Sao Paulo"]
[Site "Sao Paulo"]
[Date "1977.??.??"]
[Round "1"]
[White "Miles, Anthony J"]
[Black "Quinteros, Miguel A"]
[Result "0-1"]
[WhiteElo "2555"]
[BlackElo "2555"]

1.c4 g6 2.d4 Bg7 3.e4 d6 4.Nc3 Nf6 5.Be2 O-O 6.Nf3 e5 7.Be3 Ng4 8.Bg5 f6
9.Bh4 Nc6 10.d5 Ne7 11.Nd2 h5 12.h3 Nh6 13.f3 c5 14.Rb1 Bd7 15.b4 b6 16.bxc5 dxc5
17.Qb3 Nc8 18.O-O Nf7 19.Nb5 Bh6 20.Qd3 a6 21.Nc3 Nfd6 22.a4 a5 23.Rb2 Be8
24.Nb5 Bxb5 25.cxb5 Ra7 26.Qc3 Qe8 27.Bf2 f5 28.exf5 gxf5 29.Nc4 Nxc4 30.Bxc4 Nd6
31.Re2 Qg6 32.Bb3 Rg7 33.Bh4 Re8 34.Bc2 Bg5 35.Bxg5 Qxg5 36.f4 exf4 37.Rxe8+ Nxe8
38.Qf3 Nd6 39.Rf2 Kf7 40.Re2 Rg6 41.Kh1 h4 42.Re5 Qg3 43.Bxf5 Rg5 44.Be6+ Kf6
45.Re2 Qxf3 46.gxf3 c4 47.Kh2 Rg7 48.Bg8 Rd7 49.Be6 c3 50.Rc2 Rc7 51.Kg2 Ke5
52.Kf2 Kd4 53.Ke2 Rc4  0-1

[Event "Sao Paulo"]
[Site "Sao Paulo"]
[Date "1977.??.??"]
[Round "4"]
[White "Miles, Anthony J"]
[Black "Bronstein, Luis"]
[Result "1-0"]
[WhiteElo "2555"]
[BlackElo "2385"]

1.c4 Nf6 2.Nc3 e6 3.e4 c5 4.e5 Ng8 5.Nf3 Nc6 6.d4 cxd4 7.Nxd4 Nxe5 8.Ndb5 a6
9.Nd6+ Bxd6 10.Qxd6 f6 11.Be3 Ne7 12.Bb6 Nf5 13.Bxd8 Nxd6 14.Bc7 Ke7 15.c5 Ne8
16.Bb6 d5 17.cxd6+ Nxd6 18.Bc5 Nd7 19.Ba3 b6 20.O-O-O Nc5 21.Na4 Nxa4 22.Rxd6 Kf7
23.b3 Nc3 24.Rxb6 a5 25.Bc4 Nxa2+ 26.Kb2 Nb4 27.Bxb4 axb4 28.Rd1 Kg6 29.Rxb4 h5
30.Bd3+ Kh6 31.Be4 Ra7 32.Rb8 f5 33.Bf3 Rc7 34.Rc1 Rxc1 35.Kxc1 Re8 36.Bc6 Rd8
37.Bb7 Bxb7 38.Rxd8 Bxg2 39.Rd6 Kg5 40.Rxe6 Bd5 41.Re3 Kf4 42.b4 h4 43.b5 g5
44.b6 Kg4 45.Kd2  1-0

[Event "Sao Paulo"]
[Site "Sao Paulo"]
[Date "1977.??.??"]
[Round "5"]
[White "Camara, Helder"]
[Black "Miles, Anthony J"]
[Result "0-1"]
[WhiteElo "2320"]
[BlackElo "2555"]

1.Nf3 Nf6 2.g3 b5 3.Bg2 Bb7 4.O-O e6 5.d3 Be7 6.e4 O-O 7.b3 b4 8.a4 d5 9.e5 Nfd7
10.Bb2 c5 11.Nbd2 Nc6 12.Re1 Qc7 13.Qe2 Na5 14.Qe3 c4 15.Bd4 Rfc8 16.Rab1 cxd3
17.cxd3 Ba6 18.Bf1 Qb7 19.Qf4 Rc2 20.h4 Nc5 21.Re3 Rf8 22.Bxc5 Bxc5 23.d4 Be7
24.Bh3 Rc3 25.Nh2 Qc7 26.Rbe1 Rxe3 27.Rxe3 Qc1+ 28.Ndf1 Rc8 29.Nf3 Qd1 30.Re1 Qxb3
31.Ne3 Bd3 32.Ng4 Bg6 33.Ng5 Qc3 34.Re3 Qc1+ 35.Kh2 b3 36.h5 Bxh5 37.Nxh7 Kxh7
38.Nf6+ Bxf6 39.exf6 b2 40.Bxe6 fxe6 41.Qg5 g6 42.f7 b1=Q 43.f8=N+ Kg8  0-1

[Event "Sao Paulo"]
[Site "Sao Paulo"]
[Date "1977.??.??"]
[Round "7"]
[White "Rocha, Antonio"]
[Black "Miles, Anthony J"]
[Result "1/2-1/2"]
[WhiteElo "2365"]
[BlackElo "2555"]

1.e4 c5 2.c3 d5 3.exd5 Qxd5 4.d4 e6 5.Nf3 Nf6 6.Be2 Be7 7.O-O O-O 8.Ne5 cxd4
9.cxd4 Qd8 10.Nc3 Nc6 11.Nxc6 bxc6 12.Be3 Nd5 13.Nxd5 cxd5 14.Qa4 Qb6 15.b3 Bb7
16.Rac1 a5 17.Rc2 Bd6 18.Rfc1 Qb4 19.Bb5 Qxa4 20.Bxa4 Ba3 21.Ra1 Rfc8 22.Rxc8+ Rxc8
23.h3 Ba6 24.Bd2 Bb4 25.Bxb4 axb4 26.a3 bxa3 27.Rxa3 Rc1+ 28.Kh2 Kf8 29.Bd7 Be2
30.Ra8+ Ke7 31.Ra7 Kf6 32.Be8 Bh5 33.g4 Bg6 34.h4 h5 35.g5+ Kf5 36.Bxf7 Rd1
37.Bxg6+ Kxg6 38.Ra4 Rd3 39.Rb4 Kf5 40.Rb7 Rxd4 41.Kg3 Rg4+ 42.Kh3 g6 43.b4 Rc4
44.Kg3 Rg4+ 45.Kh3 Ke5 46.b5 Rb4 47.b6 d4 48.Kg2 Ke4 49.Rb8 Kd3 50.b7 e5
51.f4 exf4 52.Kf3 Rb5 53.Kxf4 Rf5+ 54.Kg3 Rf7 55.Kg2 Rd7 56.Kf3 Kd2 57.Ke4 d3
58.Ke5 Ke3 59.Ke6 d2 60.Kxd7 d1=Q+ 61.Kc7 Qc2+ 62.Kb6 Qb3+ 63.Ka6 Qa3+ 64.Kb6 Qb4+
65.Ka6 Qd6+ 66.Ka7 Qd4+ 67.Ka6 Qd6+ 68.Ka7 Qe5 69.Ra8 Qa5+ 70.Kb8 Qb6 71.Ra2 Kf3
72.Ka8 Qc6 73.Ka7 Qc5+ 74.Ka8 Qd5 75.Ra6 Qb5 76.Ra7  1/2-1/2

[Event "Sao Paulo"]
[Site "Sao Paulo"]
[Date "1977.??.??"]
[Round "11"]
[White "Van Riemsdijk, Herman C"]
[Black "Miles, Anthony J"]
[Result "0-1"]
[WhiteElo "2385"]
[BlackElo "2555"]

1.e4 c5 2.Nf3 e6 3.d4 cxd4 4.Nxd4 a6 5.Nc3 Qc7 6.g3 Bb4 7.Ne2 Be7 8.Bg2 Nf6
9.Nf4 Nc6 10.g4 g5 11.Nd3 Rg8 12.h4 h6 13.hxg5 hxg5 14.Be3 d6 15.Qf3 Nd7
16.Qh3 Bf6 17.Qh7 Ne7 18.e5 Nxe5 19.Ne4 Nd7 20.c4 Rf8 21.Rh5 Ng8 22.c5 dxc5
23.Ndxc5 Be7 24.Rc1 Nxc5 25.Rxc5 Qd8 26.Rh3 Nf6 27.Qh6 Nxg4 28.Qg7 Nxe3 29.Rxe3 Bd7
30.Rc1 Rc8 31.Rd1 Qa5+ 32.Kf1 Rd8 33.Kg1 Bc6 34.Rxd8+ Qxd8 35.Bf3 Bxe4 36.Rxe4 Qd3
37.Re3 Qf5 38.Qc3 Qc5 39.Qb3 Qc1+ 40.Kg2 Rh8 41.Bd1 Qc7 42.a3 Qh2+ 43.Kf1 Bc5
44.Rf3 Qe5 45.Rh3 Rxh3 46.Qxh3 Qxb2 47.Qg3 Kf8 48.a4 b6 49.Be2 Qa1+ 50.Kg2 Qxa4
51.Qxg5 Qe4+ 52.Kh2 Qxe2  0-1